Quizzes
Events
Quiz Creation
Community
Videos
Private Events
Remove Ads
Sign In
Join for FREE
Feedback
Dark Mode
Quiz Categories
Sports
Geography
Music
Movies
Television
Just For Fun
Miscellaneous
History
Literature
Language
Science
Gaming
Entertainment
Religion
Holiday
For Kids
Quiz Lab
Recent
Popular Today
Quiz Kudos Today
Editor Picks
Curator Picks
Quizzes by...
Day
Popularity
Type
Ratings
Length
Year
Community
Subscriptions
Recent Discussions
Orange Saloon
Badges
Playlists
Quests
Create
Leaderboards
Showdown
Live 5
Trivia Bingo
Activity
Puzzle Library
Sporcle Events
Private Events
Virtual Trivia
Globe League
Become a Host
Pub Owners
SporcleCon
Opinionation
Our Games
Videos
Blog
Mobile Apps
Partnerships
Remove Ads and Go Orange
Feedback
Sports
Athletes
MLB
NBA
NHL
NFL
Soccer
Sports Teams
WWE
NCAA
Football
Premier League
Basketball
Baseball
Hockey
Golf
Tennis
Cricket
Rugby
Auto Racing
Olympics
World Cup
Sports
Athletes
MLB
NBA
NHL
NFL
Soccer
Sports Teams
WWE
NCAA
Football
Premier League
Basketball
Baseball
Hockey
Golf
Tennis
Cricket
Rugby
Auto Racing
Olympics
World Cup
Random Quiz
Search Sporcle
×
Quiz Lab
Quiz Lab
Sports
run
Type in answers that appear in a list
Type in answers that appear in a list
Classic
Best Score? Go Orange.
Mets Home Runs 2000-2009 Stats
Can you name the Mets Home Runs 2000-2009?
By
rw100
12m
100 Questions
1,278 Plays
1,278 Plays
1,278 Plays
Comments
Comments
Give Quiz Kudos
Give Quiz Kudos
-
- Ratings
hide this ad
More Info
Replay
Link that replays current quiz
Next Quiz
Link to next quiz in quiz playlist
You Got
0%
They Got
Avg Score
38%
Avg Friend Score
Upgrade to see
Score Distribution
Jump to the score distribution portion of the page
Score
0/100
Timer
12:00
0
Plays Today
Home Runs
Player
% Correct
140
David Wright
99.2%
127
Carlos Beltran
97.4%
63
Jose Reyes
95.9%
157
Mike Piazza
95.6%
104
Carlos Delgado
95%
1
Argenis Reyes
92.7%
2
Wilson Delgado
92.2%
45
Robin Ventura
71.1%
14
Paul Lo Duca
70.3%
5
Luis Castillo
68.5%
58
Edgardo Alfonzo
66.4%
3
Julio Franco
66.1%
2
Matt Franco
66%
41
Todd Zeile
62.4%
81
Cliff Floyd
59.6%
4
Rey Ordonez
59.1%
29
Mo Vaughn
58.1%
21
Benny Agbayani
56.9%
18
Timo Perez
56.7%
8
Mark Johnson
56.4%
14
Daniel Murphy
56.3%
17
Vance Wilson
54.9%
6
Angel Pagan
54.5%
13
Roberto Alomar
54.1%
14
Shawn Green
53.9%
1
Fernando Martinez
53.4%
14
Ryan Church
53.3%
10
Jeff Francoeur
51.7%
12
Brian Schneider
51.6%
42
Mike Cameron
50.5%
3
Anderson Hernandez
49.7%
33
Ramon Castro
47.4%
37
Jeromy Burnitz
46.6%
21
Jose Valentin
46.2%
Home Runs
Player
% Correct
33
Jay Payton
45.1%
10
Gary Sheffield
44.5%
3
John Valentin
44.3%
19
Jason Phillips
44.3%
13
Moises Alou
43.9%
11
Kaz Matsui
42.7%
29
Ty Wigginton
42.6%
13
Eric Valent
42.1%
10
Todd Pratt
42%
6
Endy Chavez
41.5%
1
John Maine
40.4%
18
Derek Bell
40.1%
12
Mike Jacobs
39.5%
19
Fernando Tatis
37.6%
11
Lastings Milledge
37.5%
1
Alex Cora
37.2%
4
Mike Bordick
36.9%
14
Xavier Nady
36.3%
14
Roger Cedeno
36%
11
Marlon Anderson
35.1%
5
Gerald Williams
34.3%
7
Omir Santos
33.6%
15
Joe McEwing
31.2%
3
Lenny Harris
30.6%
6
Melvin Mora
29.6%
5
Danny Garcia
29.2%
7
Karim Garcia
29.2%
5
Raul Gonzalez
28.4%
2
Darryl Hamilton
27.9%
21
Richard Hidalgo
27.2%
11
Doug Mientkiewicz
26.4%
1
Steve Trachsel
26.4%
3
Nick Evans
25.7%
11
Tsuyoshi Shinjo
24.3%
Home Runs
Player
% Correct
15
Victor Diaz
23.9%
2
Carlos Gomez
22.4%
16
Tony Clark
21.5%
16
Damion Easley
21%
4
Shane Spencer
19.9%
2
Miguel Cairo
18.4%
1
Shawn Estes
17.7%
3
Bubba Trammell
17.1%
6
Chris Woodward
15.6%
1
Jeff Duncan
13.6%
6
Kurt Abbott
13.1%
3
Alex Escobar
12.6%
3
Matt Lawton
12.3%
3
Jeff Keppinger
11.8%
1
Michael Tucker
11.7%
2
Ricky Ledee
11.7%
1
Robinson Cancel
11.7%
4
Ruben Gotay
10.7%
8
Desi Relaford
10.6%
1
Trot Nixon
10.1%
3
Marco Scutaro
9.6%
2
Cory Sullivan
9.5%
1
Brian Daubach
7.7%
1
Esix Snead
7.4%
1
Raul Casanova
7.4%
1
Eli Marrero
6.6%
1
Jose Offerman
6.4%
6
Tony Tarasco
6.3%
1
David Newhan
6.1%
1
Prentice Redman
5.9%
1
Craig Brazell
5.2%
2
Jon Nunnally
4.9%
Quiz Playlist
Details
Report
Send in Message
Add To Playlist
More Info:
'Home Runs' only counts for home runs hit in regular season games with the Mets between 2000-2009.
Classic:
Type in answers that appear in a list
Last Updated: Feb 16, 2017
Quiz Scoreboard
CHALLENGE
Sign Up to Join the Scoreboard
Show All
Scores
Hide
Comments
May contain spoilers
Recently Published
Popular People in 1961
by mucciniale
History
6m
1-10 Letter E Words III
by El_Dandy
Language
2m
One Thing in Common: World Cities II
by knightlancer
Geography
7m
More to Explore
Quiz From the Vault
Featured Blog Post
Where Did the Easter Bunny Come From?
hide this ad
You Might Also Like...
Tags
2000s
home
met
Player
run
Today's Top Quizzes in Sports
Browse Sports
hide this ad
Today's Top Quizzes in run
Browse run
Top Contributed Quizzes in Sports
1
2022 World Cup Stars
2
Les entraîneurs de l'OM et du PSG au 21e siècle
3
FIFA Club World Cup Champions
4
Criteria MLB: Left Handed Sluggers
5
Les meilleurs buteurs des matchs entre le PSG et l’OM
6
Name the Premier League winners with different clubs
7
Players with Multiple 50 Home Run Seasons
8
MLB Players with Two .350 Batting Average Seasons
9
La finale Lions - Afrique du Sud 2021
10
MLB Hall of Famer by Rings
Explore More
Trending Topics
Anime
NBA
Crossword
Disney
Kpop
Harry Potter
Marvel
The Office
NFL
Song
Pokémon
Soccer
WWE
Country
Puzzle
hide this ad
More By:
rw100
Quiz
Plays
Rating
Category
Featured
Created
Mets Home Runs 2000-2009
1,278
4.30
Sports
Aug 3, 2010
Home Run Leaders By Year
912
4.27
Sports
Oct 16, 2009
Mets Starting Pitchers Since 2005
810
5.00
Sports
Oct 19, 2009
Mets Hall of Fame
403
3.50
Sports
Nov 14, 2009
3000 Hit Club
388
5.00
Sports
Oct 12, 2009
Go to Creator's Profile
Score Distribution
Quiz Creator Spotlight
rw100
Follow
Send a Message
Quizzes Created
-
Created Quiz Play Count
-
More By This Creator
Popular Quizzes Today
1
Find the US States - No Outlines Minefield
2
The Countries of the World
3
Popular People in 1961
4
Find the Countries of Europe - No Outlines Minefield
5
1-10 Letter E Words III
6
Find the US States
7
One Thing in Common: World Cities II
8
US States
More Sports Quizzes
Sorting Gallery: NFL Teams Before Realignment
Published
Trending Quizzes
1-10 Letter F Words
One Thing in Common: Music
1-10 Letter G Words
Risky Map Clicking: Next State Alphabetically
1-10 Letter F Words II
Recently Updated
Leaping Animals
pecheneg
Reality TV Shows (A-Z)
bhenderson79
Rickey Henderson's Hall of Fame Teammates
pecheneg
Champions League XIs: Arsenal
pecheneg
Quick Pick: Celebrities in WWE's Hall of Fame
aduchscher
A-Z Keypad Blitz II
pecheneg
Multiple Oscar Actors
pecheneg
Mystery Phrase Blitz: Oscar 'Best Actors'
pecheneg
F. Scott Fitzgerald Novels
LTH
Pick 3 Villains
ddd62291
Trending Topics
Disney
Kpop
Crossword
Marvel
Harry Potter
Anime
NBA
Song
WWE
The Office
NFL
Puzzle
Country
Soccer
Pokémon
Your Account Isn't Verified!
In order to create a playlist on Sporcle, you need to verify the email address you used during registration. Go to your
Sporcle Settings
to finish the process.
Report this User
Report this user for behavior that violates our
Community Guidelines
.
Details:
Send Report
Go to the Sporcle.com Mobile Site →
Comments